000 00635cam a2200193 a 4500
001 14343367
005 20240119003229.0
008 060418s2005 ce 000 0 eng
020 _a9559150049
040 _aDLC
_cDLC
082 _222
_a305,7
245 1 0 _aTwo languages one nation, one language two nations :
_bthe Lanka Sama Samaja party on the state language /
_c[editors], Wesley Muthiah and Sydney Wanasinghe.
260 _aColombo :
_bYoung Socialist Publication,
_c2005.
300 _axvi, 326 p. ;
650 0 _aLanguage and languages
700 1 _aMuthiah, Wesley S.
_eedt
700 1 _aWanasinghe, Sydney.
_eedt
942 _cL
999 _c183
_d183